| 000 | 00526nam a2200193 a 4500 | ||
|---|---|---|---|
| 005 | 20220603063602.0 | ||
| 008 | 991125s1984 mx 000 0 spa u | ||
| 020 | _a9684164319 | ||
| 035 | _aUPN01000056569 | ||
| 049 | _aI | ||
| 050 | 4 |
_aPN3426 C5 _bT48 |
|
| 245 | 0 | 0 | _aTesoro de cuentos |
| 260 |
_aMéxico : _bFernández, _c1984 |
||
| 300 | _av | ||
| 505 | _aContenido: v.1. Perrault: Tesoro de cuentos -- v.2. Grimm:Tesoro de cuentos | ||
| 650 | 4 |
_aCuentos infantiles _96744 |
|
| 904 |
_aAC _b056572 |
||
| 905 | _aInfantil | ||
| 999 |
_c56569 _d56569 |
||